000 00658nam a22002177a 4500
003 UA-OsUOA
001 104239
007 ta
008 20131210b un ||||| |||| 00| 0 ukr d
100 _aВасиленко В.А.
090 _a81
_bВ19
942 _cSA
040 _aUA-OsUOA
_bukr
_cUA-OsUOA
_dUA-OsUOA
245 _aГеополітичний та національний виміри мовної ситуації в Україі
300 _aС.19-28
955 _a0
041 _aukr
080 _a81
773 0 _w104238
650 7 _a8 Мовознавство. Художня література. Літературознавство
_2UDC
999 _c390673
_d390673